000 01410nam0a2200325 4500
001 RU\NLR\bibl\1824769
005 20260406074348.0
010 _a978-5-17-033610-4
_bАСТ
010 _a978-5-271-13032-8
_bАстрель
010 _a978-5-226-00023-2
_bВКТ
_97000
021 _aRU
_b2011-75038
_95334
035 _a(NLR Aleph) 001815302
090 _a1929406
_c1929406
100 _a20111024d2011 |||y0rusy50 ca
101 0 _arus
_aeng
102 _aRU
105 _aab |||||||||
200 1 _aНовый самоучитель английского языка
_eпрактический курс
_fА.В. Петрова, И.С. Орлова
210 _aМосква
_cАСТ
_cАстрель
_aВладимир
_cВКТ
_d2011
215 _a607 с.
_cил., карт.
_d22
225 1 _aNew
606 1 _aАнглийский язык
_jУчебные издания для самообразования
_9972309
_3RU\NLR\auth\6646032
686 _aШ143.21-93рус8
700 1 _4070
_7ca
_8rus
_aПетрова
_bА. В.
_cканд. пед. наук, англ. язык
_f1902-1984
_gАнастасия Владимировна
_917288
_3RU\NLR\AUTH\7734284
701 1 _4070
_7ca
_8rus
_aОрлова
_bИ. С.
_cфилолог
_gИрина Сергеевна
_952459
_3RU\NLR\auth\7769531
801 0 _aRU
_bNLR
_c20111024
_gRCR
801 1 _aRU
_bNLR
_c20111024
942 _cBOOK
980 _aNB